000 01141nam a2200301Ia 4500
001 ebr10404987
003 CaPaEBR
006 m u
007 cr cn|||||||||
008 070130r20102006enkabf sb 001 0 eng d
020 _z9780713665659 (cased)
020 _z0713665653 (cased)
040 _aCaPaEBR
_cCaPaEBR
035 _a(OCoLC)680617313
050 1 4 _aQL696.F32
_bG67 2010eb
082 0 4 _a598.944
_222
100 1 _aKenward, Robert.
245 1 4 _aThe goshawk
_h[electronic resource] /
_cRobert Kenward ; illustrated by Alan Harris.
260 _aLondon :
_bT & AD Poyser,
_c2010, c2006.
300 _a360 p., [8] p. of plates :
_bill., maps.
504 _aIncludes bibliographical references and index.
533 _aElectronic reproduction.
_bPalo Alto, Calif. :
_cebrary,
_d2010.
_nAvailable via World Wide Web.
_nAccess may be limited to ebrary affiliated libraries.
650 0 _aGoshawk.
650 0 _aHawks.
655 7 _aElectronic books.
_2local
710 2 _aebrary, Inc.
856 4 0 _uhttp://site.ebrary.com/lib/rucke/Doc?id=10404987
_zAn electronic book accessible through the World Wide Web; click to view
999 _c82107
_d82107